fiche vocab 1 version - Statistiques

Statistiques générales
  • Ce quiz a été pris 22 fois
  • Le résultat moyen est 7 sur 23
Statistiques - réponses
Hint Réponse % Correct
to rise/ to increase augmenter
75%
to rank classer
75%
to recover se remettre de/ récuperer
50%
a shipping company une compagnie maritime
50%
a forecast une prévision
50%
to raise wages augmenter les salaires
38%
growth croissance
38%
to grow croitre, augmenter
38%
to upgrade mettre à jour
38%
To peak, to reach a peak atteindre un sommet
25%
to hike être à la hausse, grimper
25%
To bounce back rebondir
25%
to soar, to skyrocket, to surge, to shoot up s'envoler, monter en flèche
25%
An upward trend une tendance à la hausse
25%
To boost encourager, stimuler
13%
to jump, to leap, to climb (from..to..) faire un bond, monter en flèche
13%
to turn a corner franchir une étape
13%
to creep up (prices) grimper
13%
to pick up remonter, repartir à la hausse
13%
recovery reprise, redressement
13%
A boost une hausse, une augmentation / un coup de pouce, un encouragement
13%
To reach an all-time high atteindre un record absolu
0%
an outlook les perspectives
0%
Aucun quiz correspondant
Distribution des résultats
% des personnes avec chaque résultat
Percentile par nombre de réponses
Votre historique - résultats
Vous n’avez pas pris ce quiz